Tārīkh-i Kishīk Khāna-yi Humāyūn /
Abu ʼl-Muẓaffar Awrangzīb (r. 1068-1118/1658-1707), the last of the great Mughal emperors, reigned over all but the entire Indian subcontinent. His sons, in charge of individual provinces, sometimes rebelled against him. An example of this is the rebellion of Prince Akbar (d. 1116/1704) in 1091/1680...
المؤلف الرئيسي:
مؤلفون آخرون: ,
التنسيق: كتاب الكتروني
اللغة:
English
Persian
منشور في:
Leiden; Boston :
BRILL,
[2019]
سلاسل:
Miras Maktoob, ISBN: 9789004365452.
الموضوعات:
الوصول للمادة أونلاين: Login to view Source
الوسوم: إضافة وسم
رقم الطلب: DS292.8
| LEADER | 03178nam a22005411i 4500 | ||
|---|---|---|---|
| 001 | BRILL9789004406599 | ||
| 003 | nllekb | ||
| 005 | 20211118222413.0 | ||
| 006 | m d | ||
| 007 | cr un uuuua | ||
| 008 | 200305t20192015ne sb 001 0 eng d | ||
| 020 | |a 9789004406599 |q (electronic book) | ||
| 020 | |a 9786002030931 |q (print) | ||
| 024 | 7 | |a 10.1163/9789004406599 |2 DOI | |
| 035 | |a (OCoLC)946610351 | ||
| 040 | |a NL-LeKB |c NL-LeKB |e rda | ||
| 041 | 0 | |a per |b eng | |
| 050 | 4 | |a DS292.8 | |
| 072 | 7 | |a HBJF1 |2 bicssc | |
| 072 | 7 | |a HIS |x 003000 |2 bisacsh | |
| 072 | 7 | |a HIS |x 026000 |2 bisacsh | |
| 082 | 0 | 4 | |a 955.03 |2 23 |
| 100 | 1 | |6 880-01 |a Kāshānī, Nūr al-Dīn, |e author. | |
| 880 | 1 | |6 100-01/(3/r |a کاشانی ، نورالدین محمد شریف, |e author. | |
| 245 | 1 | 0 | |6 880-02 |a Tārīkh-i Kishīk Khāna-yi Humāyūn / |c by Nūr al-Dīn Kāshānī ; (Edited by) Aṣghar Dādba, Mahdī Ṣadrī. |
| 880 | 1 | 0 | |6 245-02/(3/r |a تاریخ کشیک خانه همایون / |c by نورالدین محمد شریف کاشانی متخلص به نجیب ; (Edited by) اصغر دادبه و مهدی صدری. |
| 264 | 1 | |a Leiden; |a Boston : |b BRILL, |c [2019] | |
| 264 | 4 | |c ©2015 | |
| 300 | |a 1 online resource. | ||
| 336 | |a text |b txt |2 rdacontent | ||
| 337 | |a computer |b c |2 rdamedia | ||
| 338 | |a online resource |2 rdacarrier | ||
| 490 | 1 | |a Miras Maktoob, ISBN: 9789004365452 | |
| 520 | |a Abu ʼl-Muẓaffar Awrangzīb (r. 1068-1118/1658-1707), the last of the great Mughal emperors, reigned over all but the entire Indian subcontinent. His sons, in charge of individual provinces, sometimes rebelled against him. An example of this is the rebellion of Prince Akbar (d. 1116/1704) in 1091/1680-81. This revolt must have been the more disappointing to Awrangzīb as Akbar was his favourite son. However this may be, the scheme was foiled and Akbar fled to Kandahar. When he understood that there was no chance of return, Akbar eventually sought refuge with the Safavid emperor Sulaymān I (r. 1076-1105/1666-94) in Isfahan. While in Isfahan, Akbar had several people taking turns spending the day in his company. The writer of the present memoirs, the poet laureate Nūr al-Dīn Kāshānī (d. 1123/1711) was one of them. Written in 1110/1698 in Mashhad after Akbar's expulsion from Isfahan, these memoirs offer a compressed account that is both historical and anecdotal. | ||
| 546 | |a Persian. | ||
| 588 | |a Description based on print version record. | ||
| 650 | 0 | |a Safavid Dynasty (Iran) | |
| 700 | 1 | |6 880-03 |a Ṣadrī, Mahdī, |e editor. | |
| 880 | 1 | |6 700-03/(3/r |a صدری ، مهدی, |e editor. | |
| 700 | 1 | |6 880-04 |a Dādba, Aṣghar, |e editor. | |
| 880 | 1 | |6 700-04/(3/r |a دادبه ، اصغر, |e editor. | |
| 776 | 0 | 8 | |i Print version: |t Tārīkh-i Kishīk Khāna-yi Humāyūn. |d Leiden ; Boston : BRILL, 2019 |z 9786002030931 |
| 830 | 0 | |a Miras Maktoob, ISBN: 9789004365452. | |
| 856 | 4 | |z DOI: |u http://dx.doi.org/10.1163/9789004406599 | |
| 880 | 1 | |6 700-05/(3/r |a نجیب ، نام مستعار. | |
| 942 | |2 lcc |c EBOOK | ||
| 952 | |0 0 |1 0 |2 lcc |4 0 |7 1 |9 23108 |a BRILL |b BRILL |d 2021-11-18 |l 0 |r 2021-11-18 00:00:00 |w 2021-11-18 |y EBOOK | ||
| 999 | |c 40582 |d 40582 | ||
